Statistics for Sweet Valley High Books - List of Characters

Click here to take the quiz!

General Stats

  • This quiz has been taken 90 times
  • The average score is 37 of 134

Answer Stats

Answer% Correct
Jessica Wakefield
98%
Elizabeth Wakefield
98%
Lila Fowler
92%
Todd Wilkins
92%
Steven Wakefield
84%
Alice Wakefield
82%
Ned Wakefield
80%
Bruce Patman
78%
Amy Sutton
76%
Enid Rollins
76%
Winston Eggbert
65%
Maria Santinelli
55%
Cara Walker
55%
Regina Morrow
53%
Ken Matthews
53%
Danny Porter
53%
Dan Scott
53%
Roger Collins
49%
Jeffrey French
49%
Aaron Dallas
47%
Heather Mallone
43%
Heather Sanford
43%
John Pheiffer
43%
Caroline Pearce
43%
Olivia Davidson
41%
Tricia Martin
41%
Bill Chase
41%
Nicholas Morrow
41%
Tom McKay
39%
Susan Stewart
39%
Emily Mayer
39%
Kris Lynch
39%
Penny Ayala
39%
Susan Wyler
39%
George Warren
39%
Michael Hampton
37%
Michael Harris
37%
Sam Woodruff
37%
Roger Patman
37%
Julie Porter
37%
Dana Larson
35%
Jean West
33%
Jamie Peters
33%
Jennifer Mitchell
33%
Jean Claude
33%
Betsy Martin
31%
Peter Dehaven
29%
Nicky Shepherd
29%
Sara Eastbourne
29%
Jack the "Construction Worker"
27%
Kelly Bates
27%
Sandra Bacon
27%
Ricky Capuldo
24%
Annie Whitman
24%
Margo
24%
Rick Andover
24%
Molly Hecht
24%
David Prentiss
24%
Nora Dalton
24%
Henry Wilson Patman
24%
Paul Patman
24%
Sally Larson
22%
Tony Sargeant
22%
Claire Middleton
22%
Deedee Gordon
22%
Manuel
22%
Tony Esteban
22%
Josh Bowen
20%
Lois Waller
20%
Courtney Thomas
20%
Courtney Kane
20%
Eric Parker
18%
AJ Morgan
18%
Carl the Orderly
18%
Max Dellon
18%
Joshua Fowler
16%
Jeremy Randall
16%
Jeremy Frank
16%
Rosa Jameson
16%
Amanda Hayes
16%
Tim Eastbourne
16%
Jeremy Larson
16%
Guy Chesney
16%
Charlie Cashman
16%
Marie Patman
14%
Justin Silver
14%
Jim Roberts
14%
Jerry "Crunch" McCallister
14%
Justin Belson
14%
Barry Cooper
14%
Helen Bradley
14%
Lynne Henry
14%
Barry Rorke
14%
Ronnie Edwards
14%
Patty Gilbert
12%
Suzanne Hanlon
12%
Principal "Chrome Dome" Cooper
12%
Christian Gorman
12%
Abbie Richardson
12%
Marla & Caitlyn (Pallisades News)
12%
Suzanne Devlin
12%
Rene Glitz
12%
Greg McMullen
10%
Johanna Porter
10%
Teddy Collins
10%
Kirk Anderson
10%
Scott Trost
10%
Andrea Slade
10%
Danny Stouffer
10%
Neil Fremount
8%
Denise Hadley
6%
Robbie October
6%
Andy Jenkins
6%
Jade Wu
6%
Artie Western
6%
Adam Marvel
6%
Shelley Novak
6%
Patsy Webber
6%
April Dawson
6%
Tina Ayala
6%
Allen Waters
4%
Sue Gibbons
4%
Kristin Thompson
4%
Stuart Bachman
4%
Ferney Glitz
2%
Rod Sullivan
2%
Marissa James
2%
Randy Mason
2%
Avery Glitz
0%
Nolan Ruggers
0%
Quenton Berg
0%
Annie Sue Sawyer
0%

Score Distribution

Percentile by Number Answered

Percent of People with Each Score

Your Score History

You have not taken this quiz